[Event "XVI BCC Open"]
[Site "Cesenatico ITA"]
[Date "2012.09.07"]
[Round "7"]
[White "Drei,A"]
[Black "Naumkin,I"]
[Result "1/2-1/2"]
[WhiteElo "2247"]
[BlackElo "2473"]

1.e4 e6 2.d4 d5 3.Nd2 Nc6 4.Ngf3 Nf6 5.e5 Nd7 6.Be2 f6 7.exf6 Qxf6 8.Nf1 Bd6
9.Ne3 b6 10.Ng4 Qe7 11.Bg5 Qf7 12.Bh4 Bb7 13.Ng5 Qg6 14.Ne3 Qf6 15.c3 Bf4
16.Nf3 g5 17.Bg3 O-O-O 18.Qa4 e5 19.Nxd5 Qe6 20.Ne3 exd4 21.Nxd4 Nxd4 22.cxd4 Bxe3
23.fxe3 Qxe3 24.Qc2 c5 25.dxc5 bxc5 26.Bf2 Qe4 27.Qxe4 Bxe4 28.O-O Rhe8 29.Rfe1 Bc6
30.Rac1  1/2-1/2

[Event "40th Olympiad Open"]
[Site "Istanbul TUR"]
[Date "2012.09.07"]
[Round "10.23"]
[White "Amonatov,F"]
[Black "Cori,J"]
[Result "1-0"]
[WhiteElo "2610"]
[BlackElo "2487"]

1.e4 e6 2.d4 d5 3.Nd2 Nc6 4.Ngf3 Nf6 5.e5 Nd7 6.Nb3 a5 7.a4 b6 8.Bb5 Na7
9.Be2 c5 10.c3 Nc6 11.O-O Be7 12.Re1 Ba6 13.Bxa6 Rxa6 14.g3 g5 15.Be3 Ra7
16.h3 Rc7 17.Rc1 h6 18.Qe2 Qc8 19.Nh2 h5 20.f4 gxf4 21.Bxf4 Bd8 22.Nf3 Ne7
23.Kh2 c4 24.Nbd2 b5 25.axb5 a4 26.Nf1 Ng6 27.Bg5 Rb7 28.h4 f5 29.exf6 Nxf6
30.Bxf6 Bxf6 31.Qxe6+ Qxe6 32.Rxe6+ Kf7 33.Ra6 Rxb5 34.Ne3 Rxb2+ 35.Kg1 Ne7
36.Rf1 Kg7 37.Ra7 Kg6 38.Ne5+ Bxe5 39.dxe5 Re8 40.Rf6+ Kh7 41.Nxd5 a3 42.Nxe7 a2
43.Nf5+  1-0

[Event "3rd Oliver Gonzalez Mem Open A"]
[Site "Madrid ESP"]
[Date "2012.09.07"]
[Round "7.43"]
[White "Lopez Moll,J"]
[Black "Dierssen Garcia-Barredo,Guiller"]
[Result "1/2-1/2"]
[WhiteElo "1991"]
[BlackElo "1862"]

1.e4 e6 2.d4 d5 3.Nd2 Be7 4.Bd3 c5 5.c3 cxd4 6.cxd4 dxe4 7.Nxe4 Nf6 8.Nf3 Nbd7
9.O-O O-O 10.Bf4 Nxe4 11.Bxe4 Nf6 12.Bc2 b6 13.Re1 Bb7 14.Be5 Rc8 15.Qd3 g6
16.Rac1 Nd5 17.a3 Bf6 18.Qd2 Bg7 19.h4 Nf6 20.Nh2 h5 21.Qf4 Nd5 22.Qg3 Ne7
23.Qf4 Nd5 24.Qg3 Ne7  1/2-1/2

[Event "9th LGA Premium Cup"]
[Site "Nuernberg GER"]
[Date "2012.09.07"]
[Round "3.23"]
[White "Heinz,A"]
[Black "Porth,H"]
[Result "1-0"]
[WhiteElo "2456"]
[BlackElo "2229"]

1.e4 e6 2.d4 d5 3.Nd2 Nc6 4.Ngf3 Nf6 5.e5 Nd7 6.Be2 f6 7.exf6 Qxf6 8.Nf1 Bd6
9.Ne3 Ne7 10.O-O Ng6 11.g3 c6 12.c4 O-O 13.b3 e5 14.cxd5 Nb6 15.dxc6 e4 16.Nd2 Qxd4
17.Bb2 Qxb2 18.Ndc4 Qf6 19.cxb7 Bxb7 20.Qxd6 Rad8 21.Qxf6 Rxf6 22.Rad1 Rdf8
23.Rd6 Rxd6 24.Nxd6 Bc6 25.Rc1 Ne5 26.Ng4 Nbd7 27.Nxe5 Nxe5 28.Rc5  1-0

[Event "3rd Oliver Gonzalez Mem Open A"]
[Site "Madrid ESP"]
[Date "2012.09.08"]
[Round "8.32"]
[White "Pablos Tenrero,R"]
[Black "Gonzalez Mateos,R"]
[Result "1-0"]
[WhiteElo "1965"]
[BlackElo "2161"]

1.e4 e6 2.d4 d5 3.Nd2 a6 4.Ngf3 c5 5.exd5 exd5 6.dxc5 Bxc5 7.Bd3 Nf6 8.O-O O-O
9.Nb3 Be7 10.c3 Bg4 11.Nbd4 Nc6 12.Qb3 Na5 13.Qc2 Rc8 14.Bg5 h6 15.Bh4 b5
16.Ne5 Bh5 17.Rfe1 Re8 18.h3 Bd6 19.f4 g5 20.Bg3 gxf4 21.Bxf4 Qc7 22.Qf2 Rxe5
23.Rxe5 Bxe5 24.Qg3+ Ng4 25.Rf1 Bxf4 26.Rxf4 Qb6 27.Rxg4+ Kh8 28.Qe5+  1-0

[Event "40th Olympiad Women"]
[Site "Istanbul TUR"]
[Date "2012.09.09"]
[Round "11.9"]
[White "Shvayger,Y"]
[Black "Abrahamyan,T"]
[Result "1/2-1/2"]
[WhiteElo "2202"]
[BlackElo "2303"]

1.e4 e6 2.d4 d5 3.Nd2 Nc6 4.Ngf3 Nf6 5.e5 Nd7 6.Nb3 a5 7.a4 Be7 8.Bb5 Ncb8
9.O-O b6 10.Re1 Ba6 11.Nfd2 c6 12.Bxa6 Nxa6 13.Qg4 g6 14.Nf3 Nb4 15.Re2 c5
16.Bh6 Qc7 17.c3 Nc6 18.Qf4 c4 19.Nbd2 Qb7 20.Bg5 Nf8 21.b3 cxb3 22.Rb1 Bxg5
23.Nxg5 h6 24.Ngf3 g5 25.Qe3 Ng6 26.Rxb3 Nce7 27.Nf1 Qc6 28.Ng3 Nf4 29.Reb2 Rb8
30.Rb5 Neg6 31.Rxa5 O-O 32.Rab5 Rfc8 33.R2b3 Ra8 34.Rxb6 Qxa4 35.h4 Qa1+
36.Rb1 Qxc3 37.Qxc3 Rxc3 38.hxg5 hxg5 39.Nxg5 Nh4 40.Rb7 Rf8 41.Rd7 Nhxg2
42.Kf1 Rd3 43.f3 Rxd4 44.Ne2 Rd2 45.Nxf4 Nxf4 46.Ne4 Rh2 47.Nf6+ Kg7 48.Rbb7 Nd3
49.Ng4 Rh5 50.Re7 Nxe5 51.Rxe6 Nxf3 52.Rd6 Nd2+ 53.Ke2 Nc4 54.Rdd7 Rg5 55.Nf2 Rf5
56.Nd3 Re8+ 57.Kd1 Rf3 58.Ne1 Rf1 59.Re7 Rxe7 60.Rxe7 Kf6 61.Re8 Rf2 62.Nc2 Nd6
63.Re3 Ne4 64.Rd3 Ke6 65.Ne3 Nf6 66.Ra3 Rb2 67.Nc2 Ne4 68.Ra5 f5 69.Kc1 Rb8
70.Nd4+ Kd6 71.Nxf5+ Ke5 72.Ne7 Kd6 73.Rxd5+  1/2-1/2

[Event "40th Olympiad Women"]
[Site "Istanbul TUR"]
[Date "2012.09.09"]
[Round "11.7"]
[White "Hakimifard,G"]
[Black "Nodirjanova,N"]
[Result "1-0"]
[WhiteElo "2249"]
[BlackElo "2185"]

1.e4 e6 2.d4 d5 3.Nd2 a6 4.Bd3 c5 5.dxc5 Nf6 6.Qe2 Bxc5 7.Ngf3 Nc6 8.O-O Nb4
9.Nb3 Nxd3 10.cxd3 Be7 11.Bg5 O-O 12.e5 Nd7 13.Bxe7 Qxe7 14.Nfd4 Nb8 15.Rac1 a5
16.f4 a4 17.Nd2 Bd7 18.a3 Na6 19.Qh5 Rfc8 20.Rce1 b5 21.Kh1 b4 22.Re3 f5
23.exf6 Qxf6 24.N2f3 Qxf4 25.Ree1 Rf8 26.Nxe6 Bxe6 27.Rxe6 Nc7 28.Re7 bxa3
29.bxa3 Rae8 30.Rxe8 Rxe8 31.Nd2 Qd6 32.Qf7+ Kh8 33.Rc1 h6 34.Nf3 Rb8 35.Qxc7 Qxc7
36.Rxc7 Rb1+ 37.Ng1 Rb3 38.Ra7 Rxa3 39.d4 Ra1 40.g3 a3 41.Kg2 a2 42.Ne2 Kh7
43.Ra4 Kg6 44.Nc3 Rc1 45.Nxa2 Rc2+ 46.Kf3 Rb2 47.h4 Rb3+ 48.Kf4 Kh5 49.Nb4 g5+
50.hxg5 hxg5+ 51.Ke5 Re3+ 52.Kxd5 Rxg3 53.Ke5 Rg1 54.d5 Re1+ 55.Kf5 Rf1+
56.Ke6 Re1+ 57.Kd7 Re4 58.d6 Kh4 59.Kc6 Rd4 60.d7 g4 61.Ra2 Rxd7 62.Kxd7 g3
63.Nd3  1-0

[Event "3rd Oliver Gonzalez Mem Open A"]
[Site "Madrid ESP"]
[Date "2012.09.09"]
[Round "9.9"]
[White "Meszaros,T"]
[Black "Rodrigo Yanguas,M"]
[Result "1-0"]
[WhiteElo "2428"]
[BlackElo "2171"]

1.e4 e6 2.d4 d5 3.Nd2 Be7 4.Ngf3 Nf6 5.e5 Nfd7 6.Bd3 c5 7.c3 Nc6 8.O-O a5
9.a4 cxd4 10.cxd4 Nb4 11.Bb5 O-O 12.Nb1 Nb8 13.Nc3 N8c6 14.Be3 f6 15.exf6 Bxf6
16.Qd2 Bd7 17.Rfe1 Qe8 18.Bf4 Qg6 19.Rac1 Bd8 20.Ne2 Bb6 21.Rc3 Rae8 22.Ne5 Nxe5
23.Bxe5 Qf7 24.Nf4 Bxb5 25.axb5 Qd7 26.Rg3 Rf7 27.Nh5 Bc7 28.Rxg7+ Rxg7 29.Nf6+  1-0

[Event "US Chess League 2012"]
[Site "ICC INT"]
[Date "2012.09.10"]
[Round "2"]
[White "Korba,Nicky"]
[Black "Barayev,Isaac"]
[Result "1-0"]
[WhiteElo "1935"]
[BlackElo "2102"]

1.e4 e6 2.d4 d5 3.Nd2 Be7 4.c3 c5 5.dxc5 Bxc5 6.Bd3 Nc6 7.Qe2 d4 8.Nb3 Bb6
9.Nf3 e5 10.O-O Nge7 11.Rd1 O-O 12.Bg5 Bg4 13.h3 Be6 14.Bb5 f6 15.Be3 dxe3
16.Rxd8 exf2+ 17.Kh2 Raxd8 18.Nc1 f5 19.Ng5 Rd2 20.Qxd2 fxe4 21.Nb3 Bxb3
22.axb3 e3 23.Qd7 h6 24.Qe6+ Kh8 25.Nf7+ Kh7 26.Bd3+ g6 27.Nxe5 Nxe5 28.Qxe7+ Rf7
29.Qxe5 Bc7 30.Qxc7 Rxc7 31.Kg3 Rd7 32.Be2 Rd2 33.Kf3 Rxb2 34.b4 Rb3 35.Kxe3 Rxc3+
36.Kxf2 a6 37.Rd1 Rc7 38.Rd6 Rf7+ 39.Bf3 Kg7 40.Rb6 Rf4 41.Rxb7+ Kf6 42.Ke3 Rc4
43.Kd3 Rf4 44.Kc3 Kg5 45.Rb6  1-0

[Event "3rd Livigno Open A"]
[Site "Livigno ITA"]
[Date "2012.09.16"]
[Round "8.18"]
[White "Codenotti,M"]
[Black "Hainke,G"]
[Result "0-1"]
[WhiteElo "2334"]
[BlackElo "2318"]

1.e4 e6 2.d4 d5 3.Nd2 Be7 4.Bd3 c5 5.dxc5 Nf6 6.Qe2 O-O 7.Ngf3 a5 8.O-O Na6
9.e5 Nd7 10.c4 Ndxc5 11.Bb1 Nc7 12.Rd1 Bd7 13.b3 b5 14.cxd5 Nxd5 15.Ne4 Nxe4
16.Bxe4 Nc3 17.Qd3 Nxe4 18.Qxe4 Bc6 19.Qc2 Bd5 20.Nd4 Qb6 21.Qe2 b4 22.Qg4 f5
23.Qg3 Rac8 24.Be3 Bc5 25.Qf4 h6 26.h4 Qb7 27.Qg3 Kh7 28.Ne2 Bxe3 29.fxe3 g5
30.hxg5 Rg8 31.Nf4 Rxg5 32.Qf2 Be4 33.Rd2 Rcg8 34.Rad1 Qb6 35.Rd6 Qc5 36.Rd7+ Kh8
37.Rd8 Qxe5 38.Qh4 Kh7 39.Rxg8 Rxg8 40.Qe7+ Rg7 41.Qd8 Bxg2 42.Kf2 Qe4 43.Qd4 e5
44.Qxe4 Bxe4 45.Ne2 Rg2+ 46.Kf1 h5 47.Rd7+ Rg7 48.Rd2 h4 49.Ng1 Kh6 50.Nh3 Rg3  0-1

[Event "TCh-HUN 2012-13"]
[Site "Szombathely HUN"]
[Date "2012.09.16"]
[Round "1"]
[White "Nemeth,Mi1"]
[Black "Varga,Kl"]
[Result "1-0"]
[WhiteElo "2454"]
[BlackElo "2200"]

1.e4 e6 2.d4 d5 3.Nd2 Be7 4.e5 c5 5.Qg4 Bf8 6.Ndf3 Qc7 7.Bd3 Nc6 8.a3 f5
9.Qg3 Nge7 10.c3 Na5 11.Ne2 Nb3 12.Rb1 Bd7 13.Bg5 Nc8 14.h4 Nb6 15.h5 c4
16.Bxf5 exf5 17.e6 Bd6 18.Bf4 Bxf4 19.exd7+ Nxd7 20.Nxf4 Nf6 21.Ne5 Qe7 22.Qh3 O-O
23.Ng6 Qe6 24.h6 Rfe8 25.hxg7 Qc8 26.Nf4 Rd8 27.Qh6  1-0

[Event "zt 3.5 China Men 2012"]
[Site "Beijing CHN"]
[Date "2012.09.19"]
[Round "10.13"]
[White "Xu,Minghui"]
[Black "Mu Ke"]
[Result "1/2-1/2"]
[WhiteElo "2086"]
[BlackElo "2285"]

1.e4 e6 2.d4 d5 3.Nd2 Nc6 4.Ngf3 Nf6 5.e5 Nd7 6.c3 f6 7.exf6 Qxf6 8.Be2 Bd6
9.Nf1 O-O 10.Ne3 Qf7 11.O-O Nf6 12.c4 Bd7 13.b3 Ne4 14.Bb2 Kh8 15.Rc1 Bf4
16.Bd3 Rad8 17.Nd2 Nxd2 18.Qxd2 dxc4 19.Bxc4 Bc8 20.Rcd1 Qh5 21.h3 e5 22.d5 Bxh3
23.Qe2 Qh6 24.gxh3 Qxh3 25.Ng4 h5 26.Rd3 Qh4 27.dxc6 hxg4 28.f3 Rxd3 29.Bxd3 Be3+
30.Qxe3 Qg3+  1/2-1/2

[Event "Skovbo GM Open 2012"]
[Site "Borup DEN"]
[Date "2012.09.22"]
[Round "8.18"]
[White "Christensen,Ca"]
[Black "Percivaldi,Martin"]
[Result "1/2-1/2"]
[WhiteElo "1995"]
[BlackElo "2041"]

1.e4 e6 2.d4 d5 3.Nd2 Be7 4.Ngf3 Nf6 5.Bd3 c5 6.c3 Nc6 7.exd5 Qxd5 8.Bc4 Qd8
9.Nb3 cxd4 10.Nbxd4 Nxd4 11.Qxd4 O-O 12.O-O b6 13.Bg5 Bb7 14.Qxd8 Raxd8 15.Nd4 h6
16.Bh4 Rc8 17.Be2 Nd5 18.Bxe7 Nxe7 19.c4 Ba6 20.b3 e5 21.Nc2 Bb7 22.Ne3 Rfd8
23.Bg4 Rc6 24.Bf3 Rc7 25.Bxb7 Rxb7 26.Rfd1 Rbd7 27.Rxd7 Rxd7 28.Rd1 Rxd1+  1/2-1/2

[Event "Baku Open 2012"]
[Site "Baku AZE"]
[Date "2012.09.23"]
[Round "2.4"]
[White "Safarli,E"]
[Black "Barsov,A"]
[Result "1-0"]
[WhiteElo "2620"]
[BlackElo "2521"]

1.e4 e6 2.d4 d5 3.Nd2 a6 4.Bd3 c5 5.dxc5 Bxc5 6.Ngf3 Nc6 7.O-O Nge7 8.exd5 exd5
9.Nb3 Bd6 10.h3 O-O 11.c3 Bf5 12.Nbd4 Bg6 13.Bxg6 hxg6 14.Nxc6 bxc6 15.c4 a5
16.cxd5 Nxd5 17.Qc2 Nb4 18.Qc4 Be7 19.Bd2 Qd5 20.Qxd5 cxd5 21.Bc3 Bf6 22.Rfd1 Rfb8
23.Bxf6 gxf6 24.a3 Nc6 25.Rac1 Ne7 26.Rc7 Kf8 27.Re1 Nf5 28.g4 Nd6 29.Ree7 Re8
30.Red7 Red8 31.b3 Rxd7 32.Rxd7 Ra6 33.Nd4 Ke8 34.Rc7 a4 35.b4 Nc4 36.Nb5 Re6
37.Ra7 Re1+ 38.Kg2 Rd1 39.Rxa4 d4 40.Ra8+ Kd7 41.Ra7+ Ke6 42.Ra6+ Ke5 43.Rc6 Nb2
44.Rc8 d3 45.Re8+ Kf4 46.Nc3 Rc1 47.Nd5+ Kg5 48.Rh8 Rc4 49.Kg3  1-0

[Event "TCh-BEL 2012-13"]
[Site "Belgium BEL"]
[Date "2012.09.23"]
[Round "1.3"]
[White "Litwak,A"]
[Black "Braun,Christi2"]
[Result "1/2-1/2"]
[WhiteElo "2239"]
[BlackElo "2405"]

1.e4 e6 2.d4 d5 3.Nd2 Be7 4.Bd3 c5 5.dxc5 Nf6 6.Qe2 Nc6 7.Ngf3 Nb4 8.Nb3 Nxd3+
9.cxd3 a5 10.a4 dxe4 11.dxe4 O-O 12.O-O b6 13.Rd1 Qc7 14.Bg5 bxc5 15.e5 Nd5
16.Bxe7 Qxe7 17.Qc2 Ba6 18.Nxa5 Nb4 19.Qe4 Rfd8 20.Rxd8+ Rxd8 21.Nc4 Bb7
22.Qe2 Rd3  1/2-1/2

[Event "TCh-BEL 2012-13"]
[Site "Belgium BEL"]
[Date "2012.09.23"]
[Round "1.5"]
[White "Saiboulatov,D"]
[Black "Claesen,P"]
[Result "1/2-1/2"]
[WhiteElo "2380"]
[BlackElo "2347"]

1.e4 e6 2.d4 d5 3.Nd2 Be7 4.Ngf3 Nf6 5.e5 Nfd7 6.c3 c5 7.Bd3 Nc6 8.O-O g5
9.Bb1 b6 10.g4 Nf8 11.Re1 Ng6 12.Nf1 h5 13.h3 Nf4 14.Bxf4 gxf4 15.Bd3 Bd7
16.N1h2 hxg4 17.hxg4 Bg5 18.b3 Qe7 19.a3 Kf8 20.dxc5  1/2-1/2

[Event "Baku Open 2012"]
[Site "Baku AZE"]
[Date "2012.09.25"]
[Round "4.1"]
[White "Mchedlishvili,M"]
[Black "Mammadov,A"]
[Result "1-0"]
[WhiteElo "2652"]
[BlackElo "2403"]

1.e4 e6 2.d4 d5 3.Nd2 Nc6 4.Ngf3 Nf6 5.e5 Nd7 6.c4 dxc4 7.Nxc4 Nb6 8.a3 Be7
9.Be3 Bd7 10.Rc1 a6 11.Nxb6 cxb6 12.Bd3 b5 13.O-O O-O 14.Nd2 f5 15.exf6 Bxf6
16.Nb3 Ne7 17.Nc5 b6 18.Ne4 Nd5 19.Qd2 Qe7 20.Nxf6+ Qxf6 21.Be4 Rac8 22.Rxc8 Rxc8
23.Rc1 Rc4 24.Re1 Rc8 25.h3 Qf8 26.Bg5 Re8 27.Qd3 h6 28.Bh4 a5 29.Bg3 b4
30.Be5 bxa3 31.bxa3 b5 32.Qg3 Nf6 33.Bb1 Rc8 34.Bd6 Qd8 35.Ba2 Ne8 36.Bc5 Rc6
37.Qd3 Nc7 38.Bb1 Qf6 39.Qh7+ Kf7 40.Re3 Rxc5 41.dxc5 Bc6 42.Be4 Qa1+ 43.Kh2 Qe5+
44.g3 Bxe4 45.Rxe4 Qb2 46.Rf4+ Ke7 47.Qg8 Ne8 48.Rf7+  1-0

[Event "TCh-Moscow 2012"]
[Site "Moscow RUS"]
[Date "2012.09.26"]
[Round "2.1"]
[White "Miroshnichenko,P"]
[Black "Mesropov,K"]
[Result "0-1"]
[WhiteElo "2227"]
[BlackElo "2426"]

1.e4 e6 2.d4 d5 3.Nd2 Nc6 4.Ngf3 Nf6 5.e5 Nd7 6.Bb5 a6 7.Be2 f6 8.exf6 Qxf6
9.Nf1 Bd6 10.Ne3 O-O 11.O-O Qg6 12.Nh4 Qf6 13.Nf3 b5 14.Ng4 Qg6 15.h3 Kh8
16.c3 e5 17.dxe5 Ndxe5 18.Qxd5 Nxg4 19.hxg4 Bxg4 20.Nh4 Qe6 21.Qxe6 Bxe6
22.Nf3 Bg4 23.a4 Ne5 24.Nd4 Bxe2 25.Nxe2 Rae8 26.axb5 axb5 27.Nd4 Ng4 28.Be3 Re5
29.Rfe1 b4 30.Nf3 Ree8 31.Rad1 Kg8 32.c4 Nxe3 33.Rxe3 h6 34.b3 Ra8 35.Nd4 Bc5
36.Rf3 Rxf3 37.Nxf3 Ra3 38.Rd3 Ra1+ 39.Kh2 Bxf2 40.Rd8+ Kh7 41.Ne5 Ra5 42.Re8 Bc5
43.Nd3 Bd6+ 44.Kg1 Ra3 45.c5 Bg3 46.Kf1 Rxb3 47.Ke2 Rc3 48.Kd2 Bh4 49.Nxb4 Rxc5
50.Nd3 Rg5 51.Re2 Rg3 52.Kc3 Rg4 53.Nc5 Bf6+ 54.Kd3 Rg3+ 55.Ke4 Rc3 56.Nd3 c5
57.Nf4 c4 58.Nd5 Rc1 59.Kf5 Bg5 60.Nb4 c3 61.Rc2 Rf1+ 62.Ke6 Bd2 63.Nd5 Rg1
64.Nxc3 Bxc3 65.Rxc3 Rxg2  0-1

[Event "TCh-SRB Prem w 2012"]
[Site "Valjevo SRB"]
[Date "2012.09.26"]
[Round "10.5"]
[White "Bojkovic,N"]
[Black "Dimitrijevic,A"]
[Result "1-0"]
[WhiteElo "2392"]
[BlackElo "2280"]

1.e4 e6 2.d4 d5 3.Nd2 Nc6 4.Ngf3 Nf6 5.e5 Nd7 6.Bd3 Nb4 7.Be2 c5 8.c3 Nc6
9.O-O a5 10.a4 b6 11.c4 dxc4 12.Nxc4 cxd4 13.Nxd4 Ncxe5 14.Nxe5 Nxe5 15.Bb5+ Bd7
16.Bf4 Ng6 17.Qf3 Bc5 18.Bxd7+ Qxd7 19.Qxa8+ Ke7 20.Nc6+ Kf6 21.Nb8 Qd3 22.Rad1 Qe2
23.Bg3 h5 24.h4  1-0

[Event "TCh-SRB Prem 2012"]
[Site "Valjevo SRB"]
[Date "2012.09.27"]
[Round "11.4"]
[White "Vujacic,Bo"]
[Black "Maksimovic,Br"]
[Result "0-1"]
[WhiteElo "2299"]
[BlackElo "2447"]

1.e4 e6 2.d4 d5 3.Nd2 Be7 4.Ngf3 Nf6 5.Bd3 c5 6.exd5 Qxd5 7.dxc5 Nbd7 8.Nb3 Nxc5
9.Nxc5 Qxc5 10.O-O O-O 11.Be3 Qc7 12.Bd4 Rd8 13.Qe2 Bd7 14.Be5 Bd6 15.Rad1 Bc6
16.Bxf6 gxf6 17.Be4 Be8 18.c3 f5 19.Bc2 Be7 20.h3 Bf6 21.Qe3 Bc6 22.Rfe1 Kh8
23.Nd4 Rg8 24.Nxc6 Qxc6 25.f3 Rg3 26.Re2 Rag8 27.Kh1 Qc4 28.Bd3 Qxa2 29.Qf4 Qd5
30.Bc2 Qc5 31.Qb4 Qc6 32.Qf4 a5 33.Qh6 Bg5 34.Qh5 Rg6 35.Rd3 Kg7 36.f4 Bxf4
37.Rxg3 Bxg3 38.Qf3 Qb6 39.Ba4 Bb8  0-1

[Event "1st Simon Bolivar Open 2012"]
[Site "San Cristobal VEN"]
[Date "2012.09.28"]
[Round "7.21"]
[White "Blanco Ronquillo,H"]
[Black "Pazos Gambarrotti,P"]
[Result "1/2-1/2"]
[WhiteElo "2430"]
[BlackElo "2271"]

1.e4 e6 2.d4 d5 3.Nd2 Nc6 4.Ngf3 Nf6 5.e5 Nd7 6.c4 dxc4 7.Bxc4 Nb6 8.Bb5 Bd7
9.O-O Nxe5 10.Nxe5 Bxb5 11.Nxf7 Kxf7 12.Qh5+ Kg8 13.Qxb5 Qxd4 14.Qe2 Qd7
15.Nf3 Bd6 16.Qe4 Nd5 17.Re1 Re8 18.b3 c6  1/2-1/2

[Event "30th Balaton Open"]
[Site "Heviz HUN"]
[Date "2012.09.29"]
[Round "7.5"]
[White "Janzekovic,K"]
[Black "Koczka,Z"]
[Result "0-1"]
[WhiteElo "1884"]
[BlackElo "2254"]

1.e4 e6 2.d4 d5 3.Nd2 Nc6 4.Ngf3 Nf6 5.e5 Nd7 6.Nb3 a5 7.a4 Be7 8.Bb5 O-O
9.O-O f6 10.exf6 Nxf6 11.Bxc6 bxc6 12.Ne5 Qe8 13.Bd2 Ne4 14.Nxa5 Ba6 15.c4 c5
16.f3 Nxd2 17.Qxd2 cxd4 18.Qxd4 c5 19.Qd2 Rf5 20.Rfe1 Bd6 21.Ng4 Qf7 22.cxd5 exd5
23.Qe3 h5 24.Nf2 Re5 25.Qd2 Rxe1+ 26.Rxe1 Bf4 27.Qd1 d4 28.Qb3 c4 29.Qb6 Be3
30.Nc6 Qf6 31.Qc5 Re8 32.Qd5+ Kf8 33.Qc5+ Kg8 34.Qd5+ Kf8 35.Qc5+ Kf7 36.Qa7+ Kg6
37.Qxa6 Bxf2+ 38.Kxf2 Qh4+  0-1

[Event "1st Simon Bolivar Open 2012"]
[Site "San Cristobal VEN"]
[Date "2012.09.29"]
[Round "8.8"]
[White "Ortiz Suarez,I"]
[Black "Cori T.,D"]
[Result "1-0"]
[WhiteElo "2576"]
[BlackElo "2407"]

1.e4 e6 2.d4 d5 3.Nd2 Be7 4.Ngf3 Nf6 5.e5 Nfd7 6.Bd3 c5 7.c3 b6 8.Nf1 Ba6
9.Bxa6 Nxa6 10.Ng3 h6 11.O-O b5 12.Be3 Nab8 13.dxc5 Bxc5 14.Bxc5 Nxc5 15.Nh5 O-O
16.Nd4 Nbd7 17.f4 g6 18.Rf3 f5 19.Ng3 Qb6 20.b4 Na4 21.Ne2 Rac8 22.Qe1 Rf7
23.Kh1 Nf8 24.Rc1 a6 25.Qh4 Rfc7 26.Qe1 Rg7 27.h3 h5 28.g4 hxg4 29.hxg4 Rh7+
30.Kg2 Qd8 31.Rg3 Kh8 32.Nf3 Rh6 33.Ng5 Qe7 34.Nd4 Nb6 35.gxf5 gxf5 36.Qh1 Rxh1
37.Rxh1+ Kg8 38.Ngxe6+ Kf7 39.Rg7+ Ke8 40.Rxe7+ Kxe7 41.Nxf8 Rxf8 42.Rh7+ Ke8
43.Rh6  1-0

[Event "TCh-FIN SM 2012-13"]
[Site "Jyvaskyla FIN"]
[Date "2012.09.30"]
[Round "3.7"]
[White "Kivijarvi,J"]
[Black "Nivala,T"]
[Result "1/2-1/2"]
[WhiteElo "2213"]
[BlackElo "2204"]

1.e4 e6 2.d4 d5 3.Nd2 Nc6 4.Ngf3 Nf6 5.e5 Nd7 6.Bb5 a6 7.Bxc6 bxc6 8.Nb3 c5
9.dxc5 Nxc5 10.Nxc5 Bxc5 11.c3 a5 12.O-O Be7 13.Qa4+ Qd7 14.Qg4 Kf8 15.Bg5 Ba6
16.Bxe7+ Qxe7 17.Rfd1 h5 18.Qf4 Be2 19.Rd2 Bxf3 20.Qxf3 Qg5 21.Qe2 g6 22.Rd3 h4
23.h3 Kg7 24.Rd4 Rh5 25.Re1 c5 26.Rg4 Qe7 27.b3 Rf5 28.Ra4 Ra7 29.Qg4 Qc7
30.Qe2 Qe7 31.Qg4 Qc7 32.Qe2 Qe7  1/2-1/2

[Event "Oslo GM Open 2012"]
[Site "Oslo NOR"]
[Date "2012.09.30"]
[Round "9.10"]
[White "Ahvenjarvi,Jani"]
[Black "Galinsky,T"]
[Result "0-1"]
[WhiteElo "2210"]
[BlackElo "2431"]

1.e4 e6 2.d4 d5 3.Nd2 Nc6 4.Ngf3 Nf6 5.e5 Nd7 6.c3 f6 7.Bb5 a6 8.Bxc6 bxc6
9.O-O c5 10.Qa4 Kf7 11.Re1 cxd4 12.cxd4 Rb8 13.Qc2 c5 14.dxc5 Nxc5 15.b3 Bd7
16.Bb2 Rc8 17.Qb1 f5 18.Nd4 Be7 19.N2f3 Ne4 20.Qd3 Qa5 21.a3 Rc7 22.Rec1 Rhc8
23.Rxc7 Rxc7 24.Ne1 Qb6 25.Rb1 a5 26.Nec2 Bc8 27.b4 Ba6 28.Qd1 g6 29.f3 Nc3
30.Bxc3 Rxc3 31.Kh1 axb4 32.axb4 Bd3 33.Qd2 Qc7 34.Rb2 Qc4 35.Qh6 Ke8 36.Qxh7 Qxd4  0-1

[Event "TCh-Central SRB 2012"]
[Site "Vrnjacka Banja SRB"]
[Date "2012.09.30"]
[Round "2.4"]
[White "Marinkovic,Sl"]
[Black "Djukic,Z SRB"]
[Result "1/2-1/2"]
[WhiteElo "2398"]
[BlackElo "2405"]

1.e4 e6 2.d4 d5 3.Nd2 Be7 4.Bd3 c5 5.dxc5 Nf6 6.Qe2 Nc6 7.Ngf3 Nb4 8.O-O Nxd3
9.cxd3 Bxc5 10.Nb3 Be7 11.Bf4  1/2-1/2

[Event "US Chess League 2012"]
[Site "ICC INT"]
[Date "2012.10.04"]
[Round "5"]
[White "Getz,A"]
[Black "Abrahamyan,T"]
[Result "1-0"]
[WhiteElo "2341"]
[BlackElo "2303"]

1.e4 e6 2.d4 d5 3.Nd2 Be7 4.Ngf3 Nf6 5.e5 Nfd7 6.Bd3 c5 7.c3 Nc6 8.O-O g5
9.dxc5 g4 10.Nd4 Ndxe5 11.Bc2 Bxc5 12.Qe2 Rg8 13.b4 Nxd4 14.cxd4 Bxd4 15.Rb1 g3
16.Kh1 Qh4 17.fxg3 Rxg3 18.Rb3 Ng4 19.Nf3 Qh5 20.Bd1 Be5 21.h3 Bc7 22.Nh2 Rxb3
23.Nxg4 Rxh3+ 24.gxh3 Qxh3+ 25.Kg1 f5 26.Rxf5 Bb6+ 27.Be3 d4 28.Ba4+ Bd7
29.Bxd7+ Kxd7 30.Qb5+ Ke7 31.Bg5+ Kd6 32.Qe5+ Kd7 33.Rf7+  1-0

[Event "TCh-HUN 2012-13"]
[Site "Budapest HUN"]
[Date "2012.10.07"]
[Round "2"]
[White "Medvegy,J"]
[Black "Farkas,Ga1"]
[Result "0-1"]
[WhiteElo "2032"]
[BlackElo "2262"]

1.e4 e6 2.d4 d5 3.Nd2 Be7 4.c3 c5 5.exd5 Qxd5 6.dxc5 Nd7 7.Ngf3 Nxc5 8.Bb5+ Bd7
9.Bxd7+ Qxd7 10.O-O Rd8 11.Ne5 Qc7 12.Qe2 Nf6 13.Ndf3 O-O 14.Bg5 Nd5 15.Bxe7 Qxe7
16.Rad1 f6 17.Nc4 e5 18.Qc2 b5 19.Ne3 Nxe3 20.fxe3 Qe6 21.Rxd8 Rxd8 22.Rd1 Rc8
23.a3 g6 24.Qd2 Kg7 25.Qd5 Qxd5 26.Rxd5 a6 27.Kf1 Kf7 28.Ke2 Ke6 29.Rd1 h6
30.Ne1 f5 31.Nd3 Na4 32.Rc1 g5 33.Rc2 f4 34.Nf2 Rc4 35.h3 h5 36.Kf3 Nc5 37.exf4 gxf4
38.Re2 Kf5 39.g4+ fxg3 40.Kxg3 a5 41.Nd1 Re4 42.Kf3 Rxe2 43.Kxe2 a4 44.Ke3 Ne4
45.Kf3 Nd2+ 46.Ke2 Nc4 47.Ne3+ Ke4 48.Nd1 Kf4 49.h4 e4 50.Nf2 Nxb2 51.Nh3+ Kf5
52.Ng5 Nc4 53.Nf7 Nxa3 54.Nd6+ Ke5 55.Nf7+ Kf4 56.Nd6 e3 57.Nf7 Nb1  0-1

[Event "119th ch-SCO 2012"]
[Site "Glasgow SCO"]
[Date "2012.10.07"]
[Round "4"]
[White "Sverrisson,N"]
[Black "Giulian,P"]
[Result "1/2-1/2"]
[WhiteElo "1973"]
[BlackElo "2285"]

1.e4 e6 2.d4 d5 3.Nd2 a6 4.Ngf3 c5 5.exd5 exd5 6.dxc5 Bxc5 7.Nb3 Bb6 8.Bg5 Nf6
9.Qe2+ Be6 10.Nfd4 Qe7 11.g3 Nc6 12.c3 Nxd4 13.Nxd4 Bxd4 14.cxd4 Qb4+ 15.Qd2 Qxd2+
16.Bxd2 Ne4 17.f3 Nxd2  1/2-1/2

[Event "FSGM October 2012"]
[Site "Budapest HUN"]
[Date "2012.10.08"]
[Round "2.3"]
[White "Codenotti,M"]
[Black "Horvath,Dav"]
[Result "1-0"]
[WhiteElo "2334"]
[BlackElo "2386"]

1.e4 e6 2.d4 d5 3.Nd2 Be7 4.Ngf3 Nf6 5.Bd3 c5 6.e5 Nfd7 7.c3 Nc6 8.O-O g5
9.dxc5 g4 10.Nd4 Ndxe5 11.Bb5 h5 12.f4 gxf3 13.N2xf3 Bd7 14.b4 Qc7 15.Bf4 Nxf3+
16.Qxf3 e5 17.Bxc6 bxc6 18.Bxe5 Qxe5 19.Qxf7+ Kd8 20.Rae1 Qg5 21.Nf3 Qf6
22.Ne5 Qe6 23.Qf4  1-0

[Event "FSFMA2 October 2012"]
[Site "Budapest HUN"]
[Date "2012.10.09"]
[Round "3.2"]
[White "Jensen,Le1"]
[Black "Farkas,R"]
[Result "1/2-1/2"]
[WhiteElo "2050"]
[BlackElo "2112"]

1.e4 e6 2.d4 d5 3.Nd2 Nc6 4.c3 e5 5.exd5 Qxd5 6.Qe2 Be6 7.dxe5 Qxe5 8.Ngf3 Qh5
9.Qb5 Qxb5 10.Bxb5 Ne7 11.Nd4 Bd5 12.O-O O-O-O 13.N2f3 Nxd4 14.Nxd4 a6 15.Be2 Nc6
16.Nxc6 Bxc6 17.Be3  1/2-1/2

[Event "3rd Copa Latino-Americana"]
[Site "Cali COL"]
[Date "2012.10.09"]
[Round "9.2"]
[White "Zapata,Alo"]
[Black "Pazos Gambarrotti,P"]
[Result "1-0"]
[WhiteElo "2467"]
[BlackElo "2271"]

1.e4 e6 2.d4 d5 3.Nd2 Nc6 4.Ngf3 Nf6 5.e5 Nd7 6.c4 dxc4 7.Nxc4 Nb4 8.Bg5 Be7
9.Bxe7 Qxe7 10.a3 Nd5 11.Rc1 O-O 12.Bd3 N7b6 13.Ne3 Bd7 14.O-O Ba4 15.Nxd5 exd5
16.b3 Bc6 17.a4 a5 18.Bb1 Rfc8 19.Qd3 g6 20.Qd2 Nd7 21.Rfe1 Nf8 22.h4 Ne6
23.h5 Ra6 24.Re3 Rca8 25.g3 Bd7 26.Kg2 Be8 27.Rec3 Rc6 28.Rxc6 Bxc6 29.Rh1 Be8
30.Qh6 Ra6 31.Nh2 Nf8 32.Ng4 Nd7 33.Qe3 Re6 34.f4 f5 35.Nh6+ Kf8 36.hxg6 hxg6
37.g4 c5 38.gxf5 gxf5 39.Nxf5 Rg6+ 40.Kf1 Qf7 41.Rh8+ Rg8 42.Qh3  1-0

[Event "22nd Metropolitan IM"]
[Site "Los Angeles USA"]
[Date "2012.10.10"]
[Round "1"]
[White "Amanov,Z"]
[Black "Duckworth,W"]
[Result "1-0"]
[WhiteElo "2374"]
[BlackElo "2281"]

1.e4 e6 2.d4 d5 3.Nd2 Nc6 4.Ngf3 Nf6 5.e5 Ne4 6.c3 Nxd2 7.Bxd2 Be7 8.Bd3 a5
9.h4 h6 10.Rh3 b6 11.Qe2 a4 12.Rg3 Bf8 13.Bb5 Bd7 14.Rc1 Ne7 15.Bd3 g6 16.h5 Nf5
17.Rh3 g5 18.g4 Ne7 19.Be3 Nc6 20.Nd2 Be7 21.f4 gxf4 22.Bxf4 Bg5 23.Qe3 Bxf4
24.Qxf4 Qe7 25.Nf3 O-O-O 26.Kd2 Rdf8 27.Qf6 Qxf6 28.exf6 e5 29.Nxe5 Nxe5
30.dxe5 Bxg4 31.Rg3 Be6 32.Ke3 c5 33.Kf4 Kd7 34.Bf5 Rhg8 35.Rg7 Rxg7 36.fxg7 Rg8
37.Rg1 Bxf5 38.Kxf5 Ke7 39.a3 b5 40.Rg4 d4 41.cxd4 cxd4 42.Ke4 f6 43.Kxd4 Kf7
44.exf6 Kxf6 45.Kc5 Kf7 46.Kxb5  1-0